00813nam a22001817a 4500003000900000008004100009040007100050082002000121100003200141245003800173260005500211300003800266505021800304650002700522650001900549650003000568700003300598AR-CdUCM190304b ||||| |||| 00| 0 spa d aMUNICIPALIDAD PROVINCIAL DEL CUSCOcBIBLIOTECA MUNICIPAL DEL CUSCO aC338.91 /bF917 aFrisch, Ragnar Anton Kittel aLa planificación desde abajo /  aLima : [Eds. EUNAFEV], 1972.bEds. EUNAFEV,c1972. a44 paginas ; b1 esquema,c19 cm. apueden combinarse la paz y rapidez de desarrollo -- La planificación tiene que ser operativa y no solamente formal -- Los objetivos contratantes -- El factor humano -- Las metas de nivel superior político... aPosición cualitativa aFactor humano  aAdministración púbica aTradardi, Franco (Traductor)